000
00218nam a22000857a 4500
008
160624b xxu||||| |||| 00| 0 eng d
100
_9
1025
_a
Desbarats, P
245
_a
Colin and the Computer
260
_a
Toronto
_b
Canadiah
_c
1985
999
_c
822
_d
822